00790nam a2200289Ia 4500001000600000003000500006008004100011010001100052040000900063082001300072100002900085245006700114260004200181300001100223440000500234500000500239503001100244650003900255650004800294901001300342902000600355910000900361942000600370942000700376999001900383952009800402Z_197CHAP220113s1989 xx 000 0 und d a163170 cCHAP a519.9 K4 aKempthorne, Oscar963003 aAn introduction to genetics statistics /cby Oscar Kempthorne aAmes :bIowa State University,c1989 a545 p. a a a150601 aEstadística matemática 938261 aGenéticaxMétodos estadísticos947480 a519.9 K4 aA a1989 c1 cc1 c163170d163170 00102ddc40708GRALaZbZc3d2005-11-09pz_0721r2022-01-18 00:00:00t1w2022-01-18yLIBRO